LDR 00813naa#a2200169#i#450# 001 EN\\bibl\19778 005 20260603033504.3 100 ## _a20260601b2026####ek#y0engy0150####ca 102 ## _aRU 200 1# _aON THE ROLE OF BIOTECHNOLOGY IN PRESERVING THE BIODIVERSITY OF THE FAR EAST _eConference article/thesis 210 1# _aVoronezh _cFSBE Institution of Higher Education Voronezh State University of Forestry and Technologies named after G.F. Morozov _d2026 215 ## _a8 с. 608 ## _aConference article/thesis _2local 675 ## _aЗемляника. 634.75 _aНаблюдения и эксперименты на частях растений, например тканях и клетках (in vivo и in vitro). 58.085 _z 700 #1 _aProkhorova _gNadezhda Leonidovna 700 #1 _aBrodovskaya _gE. V. 856 4# _abibl.vgltu.ru _u